| 000 | 00818nam a22002297a 4500 | ||
|---|---|---|---|
| 999 |
_c20251 _d20251 |
||
| 003 | AR-CdUCM | ||
| 008 | 190528b ||||| |||| 00| 0 spa d | ||
| 040 |
_aMUNICIPALIDAD PROVINCIAL DEL CUSCO _cBIBLIOTECA MUNICIPAL DEL CUSCO |
||
| 041 | _heng | ||
| 082 |
_a627 / _bS79 |
||
| 100 |
_aStewart, Harry L. _942322 |
||
| 245 | _aEnergía hidráulica y neumática industrial / | ||
| 260 |
_aMadrid : _bInterciencia, _c1964. |
||
| 300 |
_a454 páginas ; _bFotografías, _c22 cm. |
||
| 505 | _aContenido: La evolución de la energía fluida -- Fluidos Hidráulicos -- La unidad de energía hidráulica... | ||
| 650 |
_aEnergía hidráulica _942323 |
||
| 650 |
_aSistemas _92854 |
||
| 650 |
_aEvolución de la energía _942324 |
||
| 700 |
_aJefferies, Floy D. _942325 |
||
| 942 |
_2ddc _cLIBROS |
||
| 945 |
_adavv _d2019-05-28 |
||